Premier League Players by Picture - Letter D - Statistics

General Stats
  • This quiz has been taken 10 times
  • The average score is 13 of 24
Answer Stats
Picture Answer % Correct
Didier Drogba
100%
Kevin De Bruyne
100%
Eric Dier
89%
Luis Díaz
89%
Clint Dempsey
78%
Jermain Defoe
78%
Marcel Desailly
78%
Rúben Dias
78%
Damien Duff
67%
Edin Džeko
67%
Lucas Digne
56%
Troy Deeney
56%
Matt Doherty
44%
Mousa Dembélé
44%
Dion Dublin
33%
Kevin Davies
33%
Lee Dixon
33%
Michael Dawson
33%
Richard Dunne
33%
Rory Delap
33%
Fabian Delph
22%
Sylvain Distin
22%
Gerard Deulofeu
11%
Abdoulaye Doucouré
0%
No matching quizzes found
Score Distribution
Percent of People with Each Score
Percentile by Number Answered
Your Score History
You have not taken this quiz